00465nam a2200133Ia 4500008004100000245010700041260003300148260000900181300001000190500001300200650002700213999001900240952007200259170224s9999 xx 000 0 und d aSearch for a Star: Approximate Gene Cluster Discovery Problem (AGCDP) as Minimization Problem on Graph bPhilippine Computing Journal c2012 aVII:2 aDecember xInformation Technology c315861d315861 001040aCLbCLd2017-02-24l0r2017-02-24 00:00:00w2017-02-24ySE